Kant's Ethical Thought

Kaydedildi:
Detaylı Bibliyografya
Yazar: Wood, Allen W. (Yazar)
Materyal Türü: Bilinmiyor
Dil:İngilizce
Baskı/Yayın Bilgisi: Cambridge, United Kingdom. Cambridge University Press, 1999
Konular:
Etiketler: Etiketle
Etiket eklenmemiş, İlk siz ekleyin!

MARC

LEADER 00000 a2200000 4500
003 CL-VaPUC
005 20241127084745.0
008 211123b1999 ||||| |||| 00| 0 eng d
999 |c 434083  |d 434081 
020 |a 978-0521648363 
040 |c Pontificia Universidad Católica de Valparaíso 
082 |a 170.92 WOO 1999  |2 21  
100 1 |a Wood, Allen W.   |e author  |9 868696 
245 |a Kant's Ethical Thought 
260 |a Cambridge, United Kingdom.  |b Cambridge University Press,  |c 1999 
300 |a 436 páginas  
583 |k Cristina María Rojas Aguilar  |c 20211123 
600 0 |a Kant, Immanuel,  |d 1724-1804  |9 858687 
650 0 |a Ética  |9 255099 
942 |2 ddc  |c BK 
952 |0 0  |1 0  |2 ddc  |4 0  |6 170_920000000000000_WOO_1999  |7 0  |8 A  |9 579365  |a BIBEDU  |b BIBEDU  |d 2021-11-22  |e 1  |g 30252.80  |i 5627133  |o 170.92 WOO 1999  |p 5627133  |r 2021-11-22  |t 1  |v 30252.80  |w 2021-11-22  |y BK  |k FIL